000 00432nam a2200145Ia 4500
008 230917s9999||||xx |||||||||||||| ||und||
040 _e172922
_aMAIN
041 _aEnglish
082 _a891.431731 CR426P
100 _aरामावतार चेतन
245 0 _aपारदर्शी पर्त
260 _aदिल्ली
_bपराग प्रकाशन
_c1978
300 _a102 पृ. p.
942 _cHN
999 _c191869
_d191869